Signs Of Qiyamah (Record no. 20015)

MARC details
000 -LEADER
fixed length control field 00302nam a22001337a 4500
020 ## - INTERNATIONAL STANDARD BOOK NUMBER
ISBN 8172315481
082 ## - DEWEY DECIMAL CLASSIFICATION NUMBER
Classification number 297.1 ALI
100 ## - MAIN ENTRY--AUTHOR NAME
Author name Ali, Mohammad Ali Ibn Zubair
245 ## - TITLE STATEMENT
Title Signs Of Qiyamah
260 ## - PUBLICATION, DISTRIBUTION, ETC. (IMPRINT)
Place of publication Delhi
Name of publisher Islamic Book Service
Year of publication 2011
300 ## - PHYSICAL DESCRIPTION
Number of Pages 44
650 ## - SUBJECT ADDED ENTRY--TOPICAL TERM
Topical Term Islam Faith
942 ## - ADDED ENTRY ELEMENTS (KOHA)
Koha item type Books
Holdings
Home library Current library Date acquired Source of acquisition Cost, normal purchase price Full call number Accession Number Koha item type
Henry Martyn Institute Library Henry Martyn Institute Library 04/07/2016 Huda Book Distributors Hyderabad 40.00 297.2 ALI 24974 Books
                   Copyright © 2026 | Henry Martyn Institute | Hyderabad | TS-500052 | INDIA | Implemented by hmi.edu.in
Hit-Count:

Powered by Koha